Prierez uskutočnených výskumov pri meraní dopadov IAS/IFRS na finančnú výkonnosť podnikov

Medzinárodné štandardy finančného vykazovania (IFSR) a Medzinárodné účtovné štandardy (IAS) ako súčasť harmonizácie účtovníctva, ktorú zastrešuje Európska únia. Vplyv implementácie IAS/IFRS na hodnoty finančných ukazovateľov. Uskutočnené výskumy v tejto oblasti, pohľad viacerých autorov na skúmanú p...

Descripción completa

Guardado en:
Detalles Bibliográficos
Autor principal: Lukáč, Jozef, 1991-
Otros Autores: Staško, Martin, 1984-
Formato: Capítulo de libro
Lenguaje:eslovaco
Materias:
Etiquetas: Agregar Etiqueta
Sin Etiquetas, Sea el primero en etiquetar este registro!

MARC

LEADER 00000naa a2200000 4500
001 0259578
005 20200114151800.8
041 0 |a slo 
044 |a SK 
245 1 0 |a Prierez uskutočnených výskumov pri meraní dopadov IAS/IFRS na finančnú výkonnosť podnikov  |c Jozef Lukáč, Martin Staško 
520 |a Medzinárodné štandardy finančného vykazovania (IFSR) a Medzinárodné účtovné štandardy (IAS) ako súčasť harmonizácie účtovníctva, ktorú zastrešuje Európska únia. Vplyv implementácie IAS/IFRS na hodnoty finančných ukazovateľov. Uskutočnené výskumy v tejto oblasti, pohľad viacerých autorov na skúmanú problematiku. 
610 2 0 |a výskum 
610 2 0 |a výkonnosť podniku 
610 2 0 |a podnik 
610 2 0 |a financie 
610 2 0 |a výkazy finančné 
610 2 0 |a štandardy účtovné medzinárodné 
100 1 |a Lukáč, Jozef, 1991- 
700 1 |a Staško, Martin, 1984-